00909 2200301 4500001002100000005001500021035002000036007000300056008004100059020002200100082001400122084001600136100002800152245006800180250003600248300005500284650002100339504003400360264003900394336002100433337003000454338002300484040002200507090002200529850001200551999002200563990002200585INLIS00000000087839020230510095830 a0010-0523000267ta230510s2017 yoia g 000 0 ind d a978-602-5552-00-704223a691.3 a691.3 BUD m0 aBudi LationoePengarang10aMaterial, sifat, dan implementasi beton tailing /cBudi Lationo aCetakan Pertama : November 2017 axiv, 234 halaman :bgambar, tabel, grafik ;c21 cm 4aKonstruksi beton aBibliografi : halaman 211-23131aBantul :bAzyan Mitra Media,c2017 2rdacontentateks 2rdamediaatanpa perantara 2rdacarrieravolume aYOPDYOGbinderda aCB-D.11 2017-3448 aYOPDYOG aCB-D.11/2017-3448 aCB-D.11/2017-3448